000 00879cam a22002535a 4500
001 13352280
005 20150824105647.0
008 030925t2004 enka frb 001 0 eng d
020 _a0470867701 (Cloth : alk. paper)
020 _a9780470867709
040 _aDLC
_beng
_cDLC
_dDLC
_dEG-ScBUE
050 0 0 _aTK5103.4875
_b.S58 2004
082 0 4 _a621.38456
_bSOF
_222
245 0 0 _aSoftware defined radio :
_bbaseband technologies for 3G handsets and basestations /
_cedited by Walter H. W. Tuttlebee.
260 _aChichester :
_bJohn Wiley & Sons,
_cc.2004.
300 _axxxvii, 346 p. :
_bill. ;
_c25 cm.
500 _aIndex : p. 343-346.
504 _aIncludes bibliographical references.
650 7 _aSoftware radio
_2BUEsh
_937227
653 _bENGELC
_cAugust2015
655 _vreading book
_934232
700 1 _aTuttlebee, Wally H. W.,
_d1953-
_eeditor.
942 _2ddc
999 _c20673
_d20645